000 00691nam a22002417a 4500
003 UA-OsUOA
001 124904
007 ta
008 20170830b un ||||| |||| 00| 0 ukr d
100 _aМаксимович М.
090 _a94(477)(082)
_bМ17
942 _cBK
040 _aUA-OsUOA
_bukr
_cUA-OsUOA
_dUA-OsUOA
245 _aУ пошуках омріяної України
_bвибрані українознавчі твори
300 _a360 с.
955 _a2
041 _aukr
080 _a94(477)(082)
020 _a96-06-0299-5
260 _aК.
_bЛибідь
_c2003
650 7 _a9 Географія. Біографії. Історія
_2UDC
999 _c412089
_d412089